ბათუმის შოთა რუსთაველის სახელმწიფო უნივერსიტეტის ბიბლიოთეკა

მარადიული ხსოვნის წიგნი (ბიბ.ჩანაწერი № 49732)

000 -LEADER
fixed length control field 00791nam a2200205Ia 4500
001 - CONTROL NUMBER
control field 16667
003 - CONTROL NUMBER IDENTIFIER
control field GE_BSU
008 - FIXED-LENGTH DATA ELEMENTS--GENERAL INFORMATION
fixed length control field 181216s||||||||xx |||||||||||||| ||und||
040 ## - CATALOGING SOURCE
Transcribing agency GE_BSU
080 ## - UNIVERSAL DECIMAL CLASSIFICATION NUMBER
Universal Decimal Classification number 94(47+57)"1941-1945"(=353.1) + 94(479.223)
245 ## - TITLE STATEMENT
Title მარადიული ხსოვნის წიგნი
245 ## - TITLE STATEMENT
Statement of responsibility, etc. სარედ. კოლ.: გ. მესხიძე (ხელმძღვ.) და სხვ.
260 ## - PUBLICATION, DISTRIBUTION, ETC.
Place of publication, distribution, etc. ბათუმი
260 ## - PUBLICATION, DISTRIBUTION, ETC.
Name of publisher, distributor, etc. აჭარა
260 ## - PUBLICATION, DISTRIBUTION, ETC.
Date of publication, distribution, etc. 1995
300 ## - PHYSICAL DESCRIPTION
Extent 224 გვ. ; 20 სმ.
653 ## - INDEX TERM--UNCONTROLLED
Uncontrolled term მარადიული ხსოვნის წიგნი
653 ## - INDEX TERM--UNCONTROLLED
Uncontrolled term ქართველები დიდ სამამულო ომში; აჭარის ისტორია
942 ## - ADDED ENTRY ELEMENTS (KOHA)
Koha item type წიგნი
ეგზემპლარები
Withdrawn status Lost status Damaged status Not for loan Date acquired Barcode Date last seen Price effective from Koha item type
        2018-12-17 41251 2018-12-17 2018-12-17 წიგნი